00980nam a2200193Ia 4500001000900000003001000009008004100019040002500060041001300085100001900098245002500117250001100142260005200153300002800205500019800233501011400431520019800545650004300743L085-429IT-CnALBA170116s9999||||xx |||||||||||||| ||und|| aIT-CnALBAcIT-CnALBA aITALIANO aORIANI ALFREDO 0aORO INCENSO E MIRRA  a2a ed. a FIRENZEbCAPELLI EDITORE c1923 [1° Ed.:1905] a303 p. (prefazione: 13) aCURATORE BENITO MUSSOLINI. PREFAZIONE DI OJETTI UGO. INCENSO: NOVELLA: TRAMA: SEMINARISTA DIVENTA PAZZO PER AMORE DI UNA BIONDA FANCIULLA CHE POI MUORE COLPITA DALLA TISI. MIRRA E ORO NOVELLE.  aSocietà San Paolo EM - Piazza San Paolo, 14 - 12051 ALBA (CN) (non commercial uses only) ® Copyright 2017 aCURATORE BENITO MUSSOLINI. PREFAZIONE DI OJETTI UGO. INCENSO: NOVELLA: TRAMA: SEMINARISTA DIVENTA PAZZO PER AMORE DI UNA BIONDA FANCIULLA CHE POI MUORE COLPITA DALLA TISI. MIRRA E ORO NOVELLE.  aRACCOLTE DI CARATTERE GEN. IN ITALIANO